[Event "48th Bosna it"]
[Site "Sarajevo BIH"]
[Date "2018.05.11"]
[Round "9.2"]
[White "Can, Emre"]
[Black "Brkic, Ante"]
[Result "1-0"]
[WhiteElo "2596"]
[BlackElo "2598"]
[EventDate "2018.05.05"]
[PlyCount "117"]

1.d4 Nf6 2.c4 e6 3.Nf3 d5 4.g3 Bb4+ 5.Bd2 Be7 6.Bg2 c6 7.Qc2 Nbd7 8.O-O b6
9.Nc3 Bb7 10.b3 O-O 11.Rfd1 Rc8 12.e4 c5 13.exd5 exd5 14.Bf4 Re8 15.dxc5 
dxc4 16.b4 bxc5 17.b5 Qa5 18.a4 Ba8 19.Nd2 Nb6 20.Bxa8 Rxa8 21.Bc7 Bd8 22.
Bxb6 axb6 23.Nxc4 Qb4 24.Ne2 Re4 25.Nd6 Re7 26.Nc4 Re4 27.Nd6 Re7 28.h3 c4
29.Nf5 Rc7 30.Ned4 g6 31.Ne3 Qf8 32.Nc6 Be7 33.Qxc4 Bc5 34.Qf4 Ne8 35.Nd5 
Rd7 36.Nf6+ Nxf6 37.Qxf6 Rxd1+ 38.Rxd1 Qe8 39.Rd8 Rxd8 40.Qxd8 Qxd8 41.
Nxd8 Kf8 42.Nc6 Ke8 43.Kf1 Kd7 44.Ke2 Kd6 45.f3 f5 46.Kd3 Bf2 47.g4 fxg4 
48.fxg4 Kc5 49.Ke4 Kc4 50.Ne5+ Kb3 51.Kd5 Kxa4 52.Kc6 Kb3 53.Nd7 Kc4 54.
Nxb6+ Kd3 55.Nd7 Ba7 56.g5 Ke4 57.Nf6+ Kf4 58.Nxh7 Kg3 59.Kc7 1-0

[Event "48th Bosna it"]
[Site "Sarajevo BIH"]
[Date "2018.05.11"]
[Round "9.3"]
[White "Kozul, Zdenko"]
[Black "Diermair, Andreas"]
[Result "1-0"]
[WhiteElo "2597"]
[BlackElo "2504"]
[EventDate "2018.05.05"]
[PlyCount "65"]

1.d4 Nf6 2.c4 e6 3.Nf3 d5 4.Bg5 h6 5.Bxf6 Qxf6 6.Nbd2 Nd7 7.Rc1 c6 8.g3 g5
9.e3 g4 10.Nh4 h5 11.h3 Qg5 12.Ng2 Rh6 13.h4 Qf6 14.Bd3 dxc4 15.Bxc4 Nb6 
16.Bb3 e5 17.O-O Bf5 18.e4 Be6 19.d5 Bd7 20.Ne3 Rg6 21.Qe2 Bh6 22.Rcd1 Rd8
23.Ndc4 Bf8 24.dxc6 bxc6 25.Nf5 Nc8 26.Qd2 Bc5 27.Qa5 Bd4 28.Nxd4 exd4 29.
e5 Qf3 30.Rxd4 c5 31.Rf4 Qc6 32.Rd1 Qa6 33.Qxc5 1-0

[Event "48th Bosna it"]
[Site "Sarajevo BIH"]
[Date "2018.05.11"]
[Round "9.4"]
[White "Kadric, Denis"]
[Black "Fier, Alexandr"]
[Result "1/2-1/2"]
[WhiteElo "2500"]
[BlackElo "2580"]
[EventDate "2018.05.05"]
[PlyCount "39"]

1.e4 c6 2.d4 d5 3.e5 c5 4.dxc5 e6 5.Nf3 Bxc5 6.Bd3 Ne7 7.a3 Nbc6 8.b4 Bb6 
9.Bb2 Ng6 10.O-O Nf4 11.c4 O-O 12.c5 Bc7 13.Re1 Nxd3 14.Qxd3 Ne7 15.Nc3 b6
16.cxb6 Bxb6 17.Na4 Bd7 18.Nxb6 axb6 19.Nd4 Ba4 20.Rac1 1/2-1/2

[Event "48th Bosna it"]
[Site "Sarajevo BIH"]
[Date "2018.05.11"]
[Round "9.5"]
[White "Cvitan, Ognjen"]
[Black "Ivic, Velimir"]
[Result "1/2-1/2"]
[WhiteElo "2487"]
[BlackElo "2405"]
[EventDate "2018.05.05"]
[PlyCount "24"]

1.d4 Nf6 2.c4 g6 3.Nf3 Bg7 4.g3 O-O 5.Bg2 d6 6.Nc3 c6 7.O-O Bf5 8.b3 Ne4 
9.Bb2 Nxc3 10.Bxc3 Be4 11.e3 Nd7 12.Rc1 d5 1/2-1/2

[Event "48th Bosna it"]
[Site "Sarajevo BIH"]
[Date "2018.05.11"]
[Round "9.6"]
[White "Djukic, Nikola"]
[Black "Bistric, Faruk"]
[Result "1-0"]
[WhiteElo "2556"]
[BlackElo "2346"]
[EventDate "2018.05.05"]
[PlyCount "111"]

1.e4 Nf6 2.e5 Nd5 3.d4 d6 4.Nf3 Bg4 5.Be2 c6 6.O-O Bxf3 7.Bxf3 dxe5 8.dxe5
e6 9.Qe2 Nd7 10.g3 Bc5 11.Nd2 O-O 12.Bg2 a5 13.Ne4 Bd4 14.c4 Ne7 15.Rd1 c5
16.Be3 Bxe3 17.Qxe3 Nf5 18.Qa3 b6 19.Nxc5 bxc5 20.Bxa8 Qc7 21.Be4 Nd4 22.
f4 f6 23.Qd3 fxe5 24.Bxh7+ Kh8 25.Be4 exf4 26.gxf4 Rxf4 27.Qh3+ Kg8 28.
Qh7+ Kf8 29.Qh8+ Kf7 30.Qh5+ Kg8 31.Qh7+ Kf8 32.Kh1 Nf6 33.Qh8+ Kf7 34.Rg1
Nf5 35.Bxf5 Qc6+ 36.Rg2 exf5 37.Qxg7+ Ke6 38.Re1+ Re4 39.Qg3 f4 40.Qh3+ 
Kf7 41.Rf1 Rxc4 42.Qf5 Qd5 43.Qg6+ Ke7 44.Re1+ Re4 45.Rxe4+ Nxe4 46.Qg7+ 
Kd6 47.Qh6+ Ke5 48.Qh5+ Kd4 49.Qxd5+ Kxd5 50.Kg1 Kd4 51.Re2 c4 52.h4 a4 
53.a3 Ng3 54.Re8 c3 55.bxc3+ Kxc3 56.Rb8 1-0

[Event "48th Bosna it"]
[Site "Sarajevo BIH"]
[Date "2018.05.11"]
[Round "9.7"]
[White "Sadikhov, Ulvi"]
[Black "Eric, Jovana"]
[Result "1-0"]
[WhiteElo "2473"]
[BlackElo "2301"]
[EventDate "2018.05.05"]
[PlyCount "85"]

1.e4 c5 2.Nf3 d6 3.d4 cxd4 4.Nxd4 Nf6 5.Nc3 a6 6.Bd3 e5 7.Nde2 Be6 8.O-O 
Nc6 9.f4 Qb6+ 10.Kh1 exf4 11.Nxf4 Ne5 12.Nxe6 fxe6 13.Ne2 O-O-O 14.Nf4 Re8
15.Qe1 Nfg4 16.h3 h5 17.Bd2 g5 18.Ne2 Be7 19.Ba5 Qa7 20.Bc3 Bd8 21.Bd4 Bb6
22.Qc3+ Kb8 23.Qb4 Bc5 24.Qc3 Ne3 25.Bxe5 dxe5 26.Rf7 Ng4 27.Raf1 Qb6 28.
g3 Nf2+ 29.Kg2 Nxd3 30.cxd3 Bd6 31.R1f6 Rc8 32.Qd2 Bc5 33.Nc3 Bd4 34.Nd5 
Qc6 35.Qb4 a5 36.Qxa5 Qc2+ 37.Kh1 Qb1+ 38.Rf1 Qxb2 39.Nc7 Ba7 40.Nb5 Bd4 
41.Nd6 Bc3 42.Qa4 Rc7 43.Rf8+ 1-0

[Event "48th Bosna it"]
[Site "Sarajevo BIH"]
[Date "2018.05.11"]
[Round "9.8"]
[White "Nestorovic, Dejan"]
[Black "Dizdarevic, Emir"]
[Result "1/2-1/2"]
[WhiteElo "2364"]
[BlackElo "2458"]
[EventDate "2018.05.05"]
[PlyCount "49"]

1.d4 Nf6 2.c4 b6 3.Nc3 Bb7 4.Qc2 d5 5.cxd5 Nxd5 6.e4 Nxc3 7.bxc3 e6 8.Nf3 
Be7 9.Bb5+ c6 10.Bd3 c5 11.O-O cxd4 12.cxd4 O-O 13.Bb2 Nc6 14.Qe2 Rc8 15.
a3 Na5 16.Rad1 Bf6 17.Rfe1 Qe7 18.g3 Rfd8 19.h4 g6 20.h5 Bg7 21.Bb5 Bc6 
22.Ba6 Bb7 23.Bb5 Bc6 24.Ba6 Bb7 25.Bb5 1/2-1/2

[Event "48th Bosna it"]
[Site "Sarajevo BIH"]
[Date "2018.05.11"]
[Round "9.9"]
[White "Radovanovic, Nikola"]
[Black "Hodzic, Nihad"]
[Result "1-0"]
[WhiteElo "2438"]
[BlackElo "2280"]
[EventDate "2018.05.05"]
[PlyCount "115"]

1.e4 e6 2.d4 d5 3.Nc3 Nf6 4.e5 Nfd7 5.f4 c5 6.Nf3 Nc6 7.Be3 Qb6 8.Na4 Qa5+
9.c3 cxd4 10.b4 Nxb4 11.cxb4 Bxb4+ 12.Bd2 Bxd2+ 13.Nxd2 O-O 14.Bd3 b5 15.
Nb2 Nb6 16.O-O Nc4 17.Nb3 Qa3 18.Bxh7+ Kxh7 19.Nd3 g6 20.Qg4 Qe7 21.Nxd4 
Bd7 22.Qe2 Kg7 23.Nf2 Qc5 24.Rad1 b4 25.Rd3 Rae8 26.Kh1 Rh8 27.Ng4 Bc8 28.
Nf6 Ref8 29.Qf2 Qb6 30.Qg3 Na3 31.f5 exf5 32.Nxd5 Qb7 33.e6 fxe6 34.Qe5+ 
Kg8 35.Nf6+ Kf7 36.Nf3 Rd8 37.Ng5+ Ke7 38.Nd5+ Rxd5 39.Rxd5 Qxd5 40.Qxh8 
Bb7 41.Qg7+ Kd6 42.Nf3 a5 43.Qxg6 Nc4 44.Qg7 Kc5 45.Rc1 Kb6 46.Re1 Nd6 47.
h4 Ne4 48.h5 Nf2+ 49.Kg1 Ng4 50.h6 Qxa2 51.Qd4+ Kb5 52.Qd7+ Bc6 53.Nd4+ 
Kc4 54.Rc1+ Kd3 55.Nxc6+ Ke2 56.Qd1+ Ke3 57.Qf3+ Kd2 58.Rd1+ 1-0

[Event "48th Bosna it"]
[Site "Sarajevo BIH"]
[Date "2018.05.11"]
[Round "9.10"]
[White "Burovic, Rijad"]
[Black "Kurajica, Bojan"]
[Result "0-1"]
[WhiteElo "2331"]
[BlackElo "2516"]
[EventDate "2018.05.05"]
[PlyCount "96"]

1.e4 c5 2.d3 d5 3.exd5 Qxd5 4.Nc3 Qd7 5.Nf3 Nc6 6.g3 b6 7.Bg2 Bb7 8.O-O e6
9.Be3 Rd8 10.a4 Nf6 11.Nd2 Be7 12.Nc4 Nb4 13.Ne5 Qc8 14.Bxb7 Qxb7 15.a5 
O-O 16.axb6 axb6 17.Nb5 Ra8 18.Qe2 Nfd5 19.c3 Nc6 20.Nc4 Rfd8 21.Rfd1 Bf6 
22.Qf1 Rxa1 23.Rxa1 Qd7 24.Rd1 Nce7 25.Nca3 Nf5 26.Bc1 Nde7 27.Qe2 Nc6 28.
Qe4 h5 29.Nc4 Nce7 30.Nca3 g6 31.h3 Nd5 32.Re1 e5 33.Qc4 Nde7 34.Rd1 Qb7 
35.Re1 Nxg3 36.fxg3 Qf3 37.Re3 Qd1+ 38.Kg2 Qxc1 39.Rf3 Nf5 40.Qe4 Qxb2+ 
41.Rf2 Qc1 42.Nc4 h4 43.gxh4 Nxh4+ 44.Kh2 Nf5 45.Rxf5 gxf5 46.Qxf5 Qc2+ 
47.Kg1 Rxd3 48.Qg4+ Kf8 0-1

[Event "48th Bosna it"]
[Site "Sarajevo BIH"]
[Date "2018.05.11"]
[Round "9.11"]
[White "Jakupovic, Neven"]
[Black "Blagojevic, Dragisa"]
[Result "0-1"]
[WhiteElo "2324"]
[BlackElo "2483"]
[EventDate "2018.05.05"]
[PlyCount "80"]

1.e4 e5 2.Nf3 Nc6 3.Bb5 a6 4.Ba4 Nf6 5.O-O Be7 6.Re1 b5 7.Bb3 d6 8.c3 O-O 
9.h3 Nd7 10.d4 Bb7 11.a4 Na5 12.Bc2 c5 13.Nbd2 exd4 14.cxd4 Nc6 15.Nf1 Bf6
16.Be3 Re8 17.Ng3 g6 18.axb5 axb5 19.Rxa8 Bxa8 20.e5 cxd4 21.exf6 dxe3 22.
Qxd6 Nxf6 23.Qxd8 exf2+ 24.Kxf2 Rxd8 25.Ne4 Ne8 26.g4 Nb4 27.Bb1 Nd3+ 28.
Bxd3 Rxd3 29.Re3 Bxe4 30.Rxe4 Nd6 31.Rd4 Rxd4 32.Nxd4 Kg7 33.g5 Ne4+ 34.
Ke3 Nxg5 35.h4 Ne6 36.Nxb5 f5 37.b4 Kf6 38.Nd6 Ke5 39.Ne8 Nd4 40.Kd3 Nb5 
0-1

[Event "48th Bosna it"]
[Site "Sarajevo BIH"]
[Date "2018.05.11"]
[Round "9.13"]
[White "Tratar, Marko"]
[Black "Cerovic, Danilo"]
[Result "1-0"]
[WhiteElo "2456"]
[BlackElo "2307"]
[EventDate "2018.05.05"]
[PlyCount "105"]

1.Nf3 Nf6 2.c4 g6 3.Nc3 d5 4.Qa4+ Bd7 5.Qb3 dxc4 6.Qxc4 a6 7.Qb3 b5 8.Ng5 
e6 9.Nge4 Nxe4 10.Nxe4 Nc6 11.e3 e5 12.Qc3 Bg7 13.d3 O-O 14.Be2 Ne7 15.O-O
Bc6 16.Bd2 f5 17.Nc5 Bd5 18.Rfd1 f4 19.e4 Bf7 20.Rdc1 Ra7 21.a4 bxa4 22.
Rxa4 Qd6 23.Bd1 Nc6 24.Rxa6 Rxa6 25.Nxa6 Nd4 26.Nc5 g5 27.f3 Kh8 28.Be1 
Nb5 29.Qb4 c6 30.Bf2 h5 31.h3 Ra8 32.Bb3 Bg6 33.Ba4 Be8 34.Bxb5 cxb5 35.
Qe1 Ra2 36.b4 Bf7 37.Ra1 Rxa1 38.Qxa1 Qg6 39.Qa8+ Kh7 40.Qc8 Kh6 41.Kf1 
Be8 42.Ne6 Bf7 43.Nxg7 Kxg7 44.Bc5 Qe6 45.Qd8 Kg6 46.h4 gxh4 47.Qxh4 Qf6 
48.Be7 Qxh4 49.Bxh4 Bb3 50.Ke2 Kf7 51.g3 Ke6 52.gxf4 exf4 53.d4 1-0

[Event "48th Bosna it"]
[Site "Sarajevo BIH"]
[Date "2018.05.11"]
[Round "9.14"]
[White "Pecnik, Leo"]
[Black "Drasko, Milan"]
[Result "1/2-1/2"]
[WhiteElo "2299"]
[BlackElo "2449"]
[EventDate "2018.05.05"]
[PlyCount "101"]

1.e4 e6 2.d4 d5 3.Nc3 Bb4 4.exd5 exd5 5.Bd3 c6 6.Ne2 Nf6 7.O-O O-O 8.Ng3 
Re8 9.Nce2 Bf8 10.c3 b6 11.Bf4 g6 12.f3 Ba6 13.Bxa6 Nxa6 14.Qd2 Nc7 15.
Rae1 Ne6 16.Bh6 Qd6 17.Bxf8 Qxf8 18.h4 Qd6 19.Qh6 c5 20.Nf5 Qf8 21.Qxf8+ 
Kxf8 22.Ne3 Rad8 23.Kf2 h5 24.Rd1 Re7 25.Rfe1 a5 26.c4 Red7 27.cxd5 Nxd5 
28.Nc4 a4 29.Ne5 Rd6 30.Nc4 Rc6 31.Ne5 Rcc8 32.dxc5 Nxc5 33.Rd4 Ne7 34.
Rxd8+ Rxd8 35.Nf4 Rd4 36.g3 Nf5 37.Re2 Nxh4 38.Nxh5 gxh5 39.gxh4 Rxh4 40.
Kg3 Rb4 41.Rh2 h4+ 42.Rxh4 Rxb2 43.Kg4 Rxa2 44.Kf5 Rd2 45.Rh7 a3 46.Rxf7+ 
Ke8 47.Ra7 a2 48.Kf6 Rd6+ 49.Kf5 Rd2 50.Kf6 Rd6+ 51.Kf5 1/2-1/2

[Event "48th Bosna it"]
[Site "Sarajevo BIH"]
[Date "2018.05.11"]
[Round "9.15"]
[White "Ozen, Bahadir"]
[Black "Krishna, C. R. G."]
[Result "1-0"]
[WhiteElo "2295"]
[BlackElo "2416"]
[EventDate "2018.05.05"]
[PlyCount "91"]

1.g3 f5 2.f4 Nf6 3.Bg2 d6 4.Nf3 g6 5.O-O Bg7 6.d3 Nc6 7.Nc3 e5 8.e4 O-O 9.
exf5 Bxf5 10.fxe5 dxe5 11.Be3 Qd7 12.Kh1 Rad8 13.Ng5 Nd4 14.Nge4 Bg4 15.
Qd2 Nxe4 16.Nxe4 b6 17.Bg5 Rde8 18.Bf6 Bh3 19.Rae1 Bxg2+ 20.Qxg2 Qc6 21.
Bxg7 Kxg7 22.c3 Ne6 23.Nf2 Qb5 24.Ng4 Qxd3 25.Nxe5 Rxf1+ 26.Rxf1 Qb5 27.
Nf3 Nc5 28.Nd4 Qd3 29.Qf2 Qe4+ 30.Kg1 Qe3 31.Nb5 Qxf2+ 32.Rxf2 Re1+ 33.Kg2
Ne4 34.Rc2 c5 35.Nxa7 g5 36.Nc8 b5 37.Kf3 Nf6 38.Nd6 g4+ 39.Kf2 Rh1 40.Kg2
Ra1 41.a3 Rd1 42.Nxb5 Ne4 43.a4 Ra1 44.Na3 Kf6 45.a5 Ng5 46.Kf2 1-0

[Event "48th Bosna it"]
[Site "Sarajevo BIH"]
[Date "2018.05.11"]
[Round "9.16"]
[White "Manea, Alexandru"]
[Black "Obad, Andrija"]
[Result "1-0"]
[WhiteElo "2402"]
[BlackElo "2280"]
[EventDate "2018.05.05"]
[PlyCount "93"]

1.e4 c5 2.Nf3 d6 3.d4 cxd4 4.Nxd4 Nf6 5.Nc3 a6 6.Be2 e5 7.Nb3 Be7 8.O-O 
Be6 9.Qd3 Nbd7 10.Be3 Rc8 11.a4 O-O 12.a5 Qc7 13.Rfc1 Nc5 14.Nxc5 dxc5 15.
Bg5 Rfd8 16.Qg3 Rd4 17.Bf3 Rcd8 18.h4 Kf8 19.Be3 R4d7 20.Na4 Re8 21.Nb6 
Rdd8 22.c4 Rd3 23.Rc3 Rxc3 24.bxc3 Nd7 25.Nd5 Bxd5 26.cxd5 c4 27.Be2 Nc5 
28.Qg4 Nb3 29.Bb6 Qc8 30.Ra4 Nd2 31.Qh5 h6 32.Bg4 Qb8 33.Bd7 Bd6 34.Qe2 
Re7 35.Bg4 Qe8 36.Ra2 Nb1 37.Qxc4 Na3 38.Qb3 Nb5 39.c4 Nd4 40.Qd3 h5 41.
Bxh5 Qc8 42.c5 Bxc5 43.Qc4 Rc7 44.Bxc7 Qxc7 45.g3 g6 46.Bd1 Kg7 47.Kg2 1-0

[Event "48th Bosna it"]
[Site "Sarajevo BIH"]
[Date "2018.05.11"]
[Round "9.17"]
[White "Stoyanov, Tsvetan"]
[Black "Urh, Zala"]
[Result "1-0"]
[WhiteElo "2373"]
[BlackElo "2040"]
[EventDate "2018.05.05"]
[PlyCount "71"]

1.e4 e5 2.Nf3 Nc6 3.Bc4 Bc5 4.O-O Nf6 5.d3 a6 6.a4 d6 7.c3 Ba7 8.Re1 O-O 
9.h3 h6 10.Nbd2 Nh5 11.Nf1 Qf6 12.Be3 Nf4 13.d4 Ne7 14.Ng3 g6 15.Qd2 g5 
16.Nh2 h5 17.Nxh5 Qg6 18.Ng3 Kg7 19.dxe5 dxe5 20.Bxa7 Rxa7 21.Qe3 b6 22.
Nf5+ Bxf5 23.exf5 Nxf5 24.Qxe5+ Qf6 25.g3 Ng6 26.Qxf6+ Kxf6 27.Bd3 Nd6 28.
Ng4+ Kg7 29.Bxg6 Kxg6 30.Ne5+ Kg7 31.Nc6 Raa8 32.Re7 Rae8 33.Rxc7 Re2 34.
Nd4 Re4 35.Rc6 Nc8 36.a5 1-0

[Event "48th Bosna it"]
[Site "Sarajevo BIH"]
[Date "2018.05.11"]
[Round "9.18"]
[White "Vajic, Goran"]
[Black "Nestorovic, Lazar"]
[Result "0-1"]
[WhiteElo "2294"]
[BlackElo "2370"]
[EventDate "2018.05.05"]
[PlyCount "72"]

1.e4 c5 2.d4 cxd4 3.c3 Nf6 4.e5 Nd5 5.Nf3 e6 6.cxd4 d6 7.a3 Nc6 8.Bd3 Be7 
9.O-O Bd7 10.b4 Rc8 11.Nbd2 Nf4 12.Bb1 Nxe5 13.Be4 Ned3 14.g3 d5 15.Bxd3 
Nxd3 16.Qe2 Rxc1 17.Rfxc1 f6 18.Nb3 Kf7 19.Rc8 Bxc8 20.Rc1 b6 21.Qc2 Bd6 
22.h4 h5 23.Qxd3 Bd7 24.Kg2 Qe8 25.Qa6 Qb8 26.Qe2 Rc8 27.Nfd2 g6 28.Rxc8 
Qxc8 29.f4 a6 30.Qe3 Bb5 31.Nf3 Qc2+ 32.Nbd2 a5 33.bxa5 bxa5 34.f5 Qxf5 
35.Qh6 Bf8 36.Qh8 a4 0-1

[Event "48th Bosna it"]
[Site "Sarajevo BIH"]
[Date "2018.05.11"]
[Round "9.19"]
[White "Doric, Nenad"]
[Black "Arapovic, Vitomir"]
[Result "1/2-1/2"]
[WhiteElo "2250"]
[BlackElo "2329"]
[EventDate "2018.05.05"]
[PlyCount "40"]

1.d4 g6 2.c4 Bg7 3.Nc3 d6 4.e4 Nc6 5.d5 Nd4 6.Be3 e5 7.Nge2 Nxe2 8.Bxe2 f5
9.exf5 gxf5 10.Bh5+ Kf8 11.f4 e4 12.O-O Nf6 13.Be2 b6 14.Nb5 Bd7 15.Nd4 a5
16.b3 h5 17.a3 Ng4 18.Bxg4 hxg4 19.g3 Qe7 20.b4 Kf7 1/2-1/2

[Event "48th Bosna it"]
[Site "Sarajevo BIH"]
[Date "2018.05.11"]
[Round "9.20"]
[White "Angun, Batu"]
[Black "Konjicanin, Muris"]
[Result "1/2-1/2"]
[WhiteElo "2152"]
[BlackElo "2289"]
[EventDate "2018.05.05"]
[PlyCount "80"]

1.d4 d5 2.c4 c6 3.Nf3 Nf6 4.Nc3 e6 5.e3 a6 6.Bd3 dxc4 7.Bxc4 b5 8.Be2 c5 
9.Ne5 Bb7 10.Bf3 Qc7 11.Bxb7 Qxb7 12.O-O Be7 13.a4 b4 14.Ne2 O-O 15.b3 Rd8
16.Bb2 Nc6 17.Nxc6 Qxc6 18.Rc1 Rac8 19.Qc2 Qe4 20.Qxe4 Nxe4 21.Rfd1 cxd4 
22.Rxd4 Nc5 23.Rdc4 Rd2 24.Bd4 Rxe2 25.Kf1 Ra2 26.Bxc5 Rxc5 27.Rxc5 Bxc5 
28.Rxc5 g6 29.Rc4 a5 30.Rc5 Rb2 31.Rxa5 Rxb3 32.Rb5 Rb2 33.a5 b3 34.a6 Ra2
35.Rxb3 Rxa6 36.Ke2 Ra2+ 37.Kf3 Kg7 38.h4 Kf6 39.Rb5 Rd2 40.g3 Rd1 1/2-1/2

[Event "48th Bosna it"]
[Site "Sarajevo BIH"]
[Date "2018.05.11"]
[Round "9.21"]
[White "Schreiner, Peter"]
[Black "Kersic, Matej"]
[Result "1-0"]
[WhiteElo "2473"]
[BlackElo "2109"]
[EventDate "2018.05.05"]
[PlyCount "43"]

1.c4 Nf6 2.Nc3 b6 3.d4 Bb7 4.Qc2 e6 5.e4 Bb4 6.Bd3 c5 7.d5 exd5 8.cxd5 d6 
9.a3 Bxc3+ 10.bxc3 O-O 11.c4 Qe7 12.Ne2 b5 13.cxb5 a6 14.b6 Nbd7 15.O-O 
Nxb6 16.Ng3 Qc7 17.Bb2 Nbd7 18.Nf5 Rfe8 19.Rae1 Ne5 20.f4 Nxd3 21.Qxd3 Bc8
22.Nxg7 1-0

[Event "48th Bosna it"]
[Site "Sarajevo BIH"]
[Date "2018.05.11"]
[Round "9.22"]
[White "Runic, Zoran"]
[Black "Shah, Rishab"]
[Result "1-0"]
[WhiteElo "2408"]
[BlackElo "2084"]
[EventDate "2018.05.05"]
[PlyCount "69"]

1.e4 c5 2.Nf3 d6 3.c3 Nf6 4.Be2 Nbd7 5.d3 g6 6.O-O Bg7 7.Re1 b6 8.Bf1 Bb7 
9.Nbd2 O-O 10.d4 cxd4 11.cxd4 d5 12.e5 Ne4 13.Nxe4 dxe4 14.Ng5 h6 15.Nxe4 
Nxe5 16.Bxh6 Bxh6 17.dxe5 Qc7 18.Nc3 Rad8 19.Qg4 Bd2 20.Bc4 Kg7 21.Re2 
Bxc3 22.bxc3 Rc8 23.Bb3 Qxc3 24.Rae1 Ba6 25.Re3 Qd2 26.h4 Rc1 27.Rxc1 
Qxc1+ 28.Kh2 Qf1 29.Qf4 Bb7 30.Rg3 Qe2 31.f3 Qd3 32.Bc4 Qc2 33.h5 Bc8 34.
Rxg6+ fxg6 35.h6+ 1-0

[Event "48th Bosna it"]
[Site "Sarajevo BIH"]
[Date "2018.05.11"]
[Round "9.23"]
[White "Marjanovic, Dejan"]
[Black "Alaz, Ahmet Efekan"]
[Result "1/2-1/2"]
[WhiteElo "2391"]
[BlackElo "2072"]
[EventDate "2018.05.05"]
[PlyCount "88"]

1.e4 e6 2.d4 d5 3.Nd2 dxe4 4.Nxe4 Bd7 5.Nf3 Bc6 6.Bd3 Nd7 7.O-O Be7 8.c3 
Ngf6 9.Ned2 O-O 10.Re1 b6 11.a4 Bb7 12.a5 c5 13.a6 Bd5 14.Qe2 Rc8 15.c4 
Bxf3 16.Nxf3 cxd4 17.Nxd4 Nc5 18.Rd1 Nxd3 19.Rxd3 Qc7 20.b3 Rfd8 21.Be3 
Ne8 22.Rad1 Qe5 23.g3 Qb8 24.Bf4 Qa8 25.Nxe6 Rxd3 26.Rxd3 Bf6 27.Nd4 Bxd4 
28.Rxd4 Nf6 29.Be5 Re8 30.Qd1 Ne4 31.Rd5 f6 32.Bd4 Qc8 33.Qh5 Ng5 34.Be3 
Nf7 35.Kg2 Ne5 36.Bd4 Ng6 37.Qf3 Ne7 38.Rd6 Qc7 39.Re6 Qc8 40.Re3 Qxa6 41.
Qg4 Qb7+ 42.Kg1 Kf8 43.Bb2 Qc8 44.Qh4 Ng6 1/2-1/2

[Event "48th Bosna it"]
[Site "Sarajevo BIH"]
[Date "2018.05.11"]
[Round "9.24"]
[White "Vlatkovic, Milos"]
[Black "Marn, Jan"]
[Result "1-0"]
[WhiteElo "2318"]
[BlackElo "2063"]
[EventDate "2018.05.05"]
[PlyCount "107"]

1.d4 d5 2.Nf3 Nf6 3.c4 e6 4.Bg5 Be7 5.Nc3 h6 6.Bh4 O-O 7.e3 b6 8.cxd5 Nxd5
9.Bxe7 Qxe7 10.Nxd5 exd5 11.Rc1 Be6 12.Qa4 c5 13.Qa3 Rd8 14.Bb5 Qb7 15.
dxc5 bxc5 16.Be2 a5 17.O-O Nd7 18.Qc3 Rdb8 19.Rc2 Qb4 20.Qd3 a4 21.Rfc1 a3
22.b3 g6 23.Qd1 Rd8 24.Qf1 Rac8 25.Nd4 Nf6 26.Nxe6 fxe6 27.Bd3 Kg7 28.f4 
d4 29.e4 Ng4 30.Qf3 Ne3 31.Rf2 Rf8 32.Qh3 Qb6 33.e5 Nf5 34.Qg4 h5 35.Qg5 
Qd8 36.Qxd8 Rfxd8 37.Rfc2 Ne3 38.Rxc5 Rxc5 39.Rxc5 Nd1 40.Kf1 Nc3 41.Ra5 
Nxa2 42.Rxa3 Nc1 43.b4 Rf8 44.g3 g5 45.b5 gxf4 46.gxf4 Rxf4+ 47.Ke1 Rf3 
48.Kd2 Nxd3 49.Rxd3 Rf2+ 50.Kc1 Rxh2 51.b6 Rf2 52.b7 Rf8 53.Rxd4 Kg6 54.
Rc4 1-0

[Event "48th Bosna it"]
[Site "Sarajevo BIH"]
[Date "2018.05.11"]
[Round "9.25"]
[White "Hadzovic, Amir"]
[Black "Tarun, Kanyamarala"]
[Result "0-1"]
[WhiteElo "2287"]
[BlackElo "2006"]
[EventDate "2018.05.05"]
[PlyCount "77"]

1.Nf3 d5 2.g3 Bg4 3.Bg2 Nd7 4.d4 c6 5.O-O e6 6.Nc3 Bd6 7.e4 Ne7 8.e5 Bc7 
9.Ne2 f6 10.exf6 Nxf6 11.Ne5 Bxe5 12.dxe5 Nd7 13.f3 Bf5 14.Kh1 O-O 15.g4 
Bg6 16.Nd4 Bf7 17.f4 c5 18.Nf3 Qb6 19.Qe1 Bg6 20.Qh4 Rae8 21.c3 d4 22.Ng5 
h6 23.Nh3 c4 24.Qe1 Bd3 25.Rf3 Nc6 26.Nf2 Nc5 27.b4 Na4 28.Nxd3 cxd3 29.
Rxd3 Nxc3 30.a3 Rd8 31.Bd2 Nd5 32.Qe4 Ne3 33.Bf3 Nc4 34.g5 hxg5 35.Qg6 
N4xe5 36.Qh5 Nxd3 37.Rg1 Nf2+ 38.Kg2 Nd3 39.Qxg5 0-1

[Event "48th Bosna it"]
[Site "Sarajevo BIH"]
[Date "2018.05.11"]
[Round "9.26"]
[White "Mahmutbegovic, Muharem"]
[Black "Subelj, Jan"]
[Result "0-1"]
[WhiteElo "2039"]
[BlackElo "2284"]
[EventDate "2018.05.05"]
[PlyCount "58"]

1.e4 e5 2.Nf3 Nc6 3.d4 exd4 4.Bc4 Nf6 5.O-O Nxe4 6.Re1 d5 7.Bxd5 Qxd5 8.
Nc3 Qd7 9.Rxe4+ Be7 10.Nb5 O-O 11.Bf4 Qf5 12.Qd3 Nb4 13.Qe2 d3 14.cxd3 
Qxb5 15.Rxe7 Nd5 16.Re4 Bf5 17.Nd4 Nxf4 18.Rxf4 Qxd3 19.Rxf5 Qxd4 20.Rd1 
Rfe8 21.Qc2 Rad8 22.Rc1 Qd2 23.Qxd2 Rxd2 24.b3 c6 25.b4 Rxa2 26.b5 Ra5 27.
bxc6 Rxf5 28.c7 Rc8 29.Rd1 Re5 0-1

[Event "48th Bosna it"]
[Site "Sarajevo BIH"]
[Date "2018.05.11"]
[Round "9.27"]
[White "Petrovic, Marija"]
[Black "Sitnic, Adnan"]
[Result "1/2-1/2"]
[WhiteElo "2083"]
[BlackElo "2187"]
[EventDate "2018.05.05"]
[PlyCount "48"]

1.d4 Nf6 2.Nf3 e6 3.Bf4 b6 4.e3 Bb7 5.Nbd2 Be7 6.h3 O-O 7.Be2 c5 8.c3 h6 
9.O-O cxd4 10.cxd4 Nd5 11.Bg3 f5 12.Ne5 f4 13.exf4 Nxf4 14.Bf3 Bxf3 15.
Ndxf3 Qe8 16.Qd2 Nh5 17.Bh2 Na6 18.Rac1 Nb4 19.Rc7 Nf6 20.a3 Nbd5 21.Rc2 
Qh5 22.Qd3 Qf5 23.Qxf5 exf5 24.Ng6 Rfe8 1/2-1/2

[Event "48th Bosna it"]
[Site "Sarajevo BIH"]
[Date "2018.05.11"]
[Round "9.28"]
[White "Medancic, Rikard"]
[Black "Zenelaj, Samuel"]
[Result "1-0"]
[WhiteElo "2164"]
[BlackElo "1840"]
[EventDate "2018.05.05"]
[PlyCount "78"]

1.d4 Nf6 2.Bg5 Ne4 3.Bf4 d5 4.e3 Bf5 5.Nf3 e6 6.c4 c6 7.Be2 Be7 8.Qb3 Qc8 
9.Nc3 Nd7 10.h3 h6 11.Nxe4 Bxe4 12.O-O O-O 13.Nd2 Bh7 14.Rfc1 Nf6 15.Bf3 
Rd8 16.c5 Re8 17.Qc3 Bd8 18.Be2 Bc7 19.b4 a6 20.a4 Nd7 21.Nf3 f6 22.Bxc7 
Qxc7 23.Bd3 e5 24.Bxh7+ Kxh7 25.dxe5 fxe5 26.e4 Nf6 27.exd5 Nxd5 28.Qc2+ 
Kh8 29.Qe4 Nf6 30.Qg6 Nd5 31.Rc4 Rad8 32.Re1 Nf6 33.Nh4 Rd2 34.Nf5 Rf8 35.
Nxh6 Ne4 36.Rexe4 Rfxf2 37.Rg4 Qd7 38.Rg3 Rf6 39.Qg5 Rxh6 1-0

[Event "48th Bosna it"]
[Site "Sarajevo BIH"]
[Date "2018.05.11"]
[Round "9.29"]
[White "Ababneh, Ghayth"]
[Black "Aleksic, Neven"]
[Result "1-0"]
[WhiteElo "2006"]
[BlackElo "2154"]
[EventDate "2018.05.05"]
[PlyCount "79"]

1.e4 e5 2.Nf3 Nc6 3.Bb5 a6 4.Ba4 Nf6 5.O-O Be7 6.Re1 b5 7.Bb3 d6 8.c3 O-O 
9.h3 Na5 10.Bc2 c5 11.d4 Nd7 12.Nbd2 cxd4 13.cxd4 Nc6 14.Nf1 exd4 15.Nxd4 
Nxd4 16.Qxd4 Ne5 17.Bf4 Bf6 18.Qb4 Qb6 19.Be3 Qb8 20.Rad1 Rd8 21.b3 g6 22.
f4 Nc6 23.Qd2 b4 24.Qf2 Bc3 25.Re2 a5 26.Qh4 Ba6 27.Rf2 Re8 28.e5 dxe5 29.
f5 Ra7 30.Qh6 e4 31.f6 Bxf6 32.Rxf6 Bxf1 33.Rdxf1 Rc7 34.Qf4 Ne5 35.Bxe4 
Rce7 36.Bd5 Qc7 37.Bd4 Qd6 38.Bxe5 Qxd5 39.Ba1 Re2 40.Qf3 {nepregledno} 
1-0

[Event "48th Bosna it"]
[Site "Sarajevo BIH"]
[Date "2018.05.11"]
[Round "9.30"]
[White "Maksimovic, Bojan"]
[Black "Yerden, Huseyin Eren"]
[Result "1/2-1/2"]
[WhiteElo "2301"]
[BlackElo "1975"]
[EventDate "2018.05.05"]
[PlyCount "45"]

1.e4 c5 2.Nf3 d6 3.d4 cxd4 4.Nxd4 Nf6 5.Nc3 a6 6.g3 e5 7.Nde2 Be6 8.Bg2 
Be7 9.O-O O-O 10.h3 h5 11.Bg5 Nfd7 12.Bxe7 Qxe7 13.Nd5 Bxd5 14.Qxd5 Nf6 
15.Qd3 Nc6 16.Nc3 Rac8 17.a3 Nd4 18.Rac1 Qc7 19.Rfd1 Qb6 20.Na4 Qa5 21.Nc3
Qb6 22.Na4 Qa5 23.Nc3 1/2-1/2

[Event "48th Bosna it"]
[Site "Sarajevo BIH"]
[Date "2018.05.11"]
[Round "9.31"]
[White "Strinic, Halid"]
[Black "Selimovic, Amir"]
[Result "0-1"]
[WhiteElo "2133"]
[BlackElo "1932"]
[EventDate "2018.05.05"]
[PlyCount "88"]

1.e4 e6 2.d4 d5 3.Nc3 Bb4 4.e5 c5 5.a3 Bxc3+ 6.bxc3 Ne7 7.Nf3 Qc7 8.Bd3 
Nbc6 9.O-O Bd7 10.a4 c4 11.Be2 f6 12.Re1 Ng6 13.Bf1 O-O-O 14.h4 h5 15.Qe2 
fxe5 16.dxe5 Rdf8 17.Ba3 Rf5 18.Bd6 Qd8 19.g3 Nge7 20.Bh3 Rxf3 21.Qxf3 g6 
22.a5 Qg8 23.Qe3 Nf5 24.Qg5 Qe8 25.a6 b6 26.Reb1 Qf7 27.Rb5 Ncd4 28.cxd4 
Bxb5 29.c3 Rd8 30.Bb4 Kc7 31.Re1 Bxa6 32.Ra1 Kb7 33.Qc1 Bb5 34.Qa3 a6 35.
Kg2 Rg8 36.Bd6 g5 37.hxg5 Rxg5 38.Bxf5 Rxf5 39.Ra2 h4 40.Qc1 h3+ 41.Kxh3 
Rh5+ 42.Kg2 Qf5 43.Rc2 Qh7 44.Qd2 Rh2+ 0-1